=LDR 00000nam 2200000 4500 =001 INLIS000000000013246 =005 20130612104653 =008 ***********************************Ind** =035 ##$$0010-061300000013246 =041 ##$$a Ind =082 ##$$a 372.6 =090 ##$$a 372.6, Kom k =245 ##$$a Kompetensi bahasa dan sastra Indonesia, Tim penyusun =260 ##$$a 2004 $b Yogyakarta =300 ##$$a 168 hlm, ilus, 27,5 cm =650 ##$$a Bahasa dan Sastra (Pendidikan Dasar) =850 ##$$a NBPNMAT